<?xml version="1.0" encoding="UTF-8"?>
<collection xmlns="http://www.loc.gov/MARC21/slim">
 <record>
  <leader>01624nam a2200181 a 4500</leader>
  <controlfield tag="001">1/35066</controlfield>
  <controlfield tag="008">080711s2005    gr            00010 gre d</controlfield>
  <datafield tag="035" ind1=" " ind2=" ">
   <subfield code="l">37569</subfield>
  </datafield>
  <datafield tag="040" ind1=" " ind2=" ">
   <subfield code="a">GR-PeUP</subfield>
  </datafield>
  <datafield tag="082" ind1="0" ind2="0">
   <subfield code="a">342.4 ΕΛΛ</subfield>
  </datafield>
  <datafield tag="110" ind1="2" ind2=" ">
   <subfield code="a">Ελλάδα.</subfield>
   <subfield code="p">Υπουργείο Εθνικής Παιδείας και Θρησκευμάτων.</subfield>
  </datafield>
  <datafield tag="245" ind1="1" ind2="2">
   <subfield code="a">Η κύρωση της Συνθήκης για ένα Σύνταγμα της Ευρώπης από τη Βουλή των Ελλήνων /</subfield>
   <subfield code="c">Υπουργείο Εθνικής Παιδείας και Θρησκευμάτων ; επιστ. επιμέλεια Μάνος Γ. Παπάζογλου.</subfield>
  </datafield>
  <datafield tag="260" ind1="0" ind2=" ">
   <subfield code="a">Αθήνα :</subfield>
   <subfield code="b">ΥΠΕΠΘ,</subfield>
   <subfield code="c">2005.</subfield>
  </datafield>
  <datafield tag="300" ind1=" " ind2=" ">
   <subfield code="a">494 σ. ;</subfield>
   <subfield code="c">24 εκ.</subfield>
  </datafield>
  <datafield tag="500" ind1=" " ind2=" ">
   <subfield code="a">Περιλαμβάνονται : πρόλογος του Προέδρου της Ελληνικής Δημοκρατίας, εισηγήσεις του Πρωθυπουργού της Ελλάδος, της Προέδρου της Βουλής, των Αρχηγών των Κομμάτων της Αντιπολίτευσης, Μελών της Κυβερνήσεως Βουλευτών από όλες τις κοινοβουλευτικές ομάδες, το πλήρες κείμενο της Ευρωπαϊκής Συνταγματικής Συνθήκης.</subfield>
  </datafield>
  <datafield tag="650" ind1=" " ind2="4">
   <subfield code="a">Συνταγματικό δίκαιο</subfield>
   <subfield code="z">Ευρωπαϊκή Ένωση, Χώρες της.</subfield>
  </datafield>
  <datafield tag="700" ind1="1" ind2=" ">
   <subfield code="a">Παπάζογλου, Μάνος Γ.</subfield>
  </datafield>
  <datafield tag="852" ind1=" " ind2=" ">
   <subfield code="a">INST</subfield>
   <subfield code="b">UNIPILB</subfield>
   <subfield code="c">MAIN</subfield>
   <subfield code="e">20080711</subfield>
   <subfield code="h">342.4 ΕΛΛ</subfield>
   <subfield code="p">00155820</subfield>
   <subfield code="q">00155820</subfield>
   <subfield code="t">LOAN</subfield>
   <subfield code="y">0</subfield>
   <subfield code="4">1</subfield>
  </datafield>
 </record>
</collection>
